| 000 | 01285ncm a2200325 a 4500 | ||
|---|---|---|---|
| 999 |
_c351166 _d351166 |
||
| 003 | BLK | ||
| 005 | 20250215161922.0 | ||
| 008 | 200323b bu ||||| |||| 00| 0 bu d | ||
| 040 | _aBLK | ||
| 041 |
_aRUS _cRUS |
||
| 080 |
_aКонцерт за обой _b785.6:788.7 _z785.6:788.7 |
||
| 080 |
_aКлавирен съпровод _b786.2.082.1 _z786.2.082.1 |
||
| 100 | 1 |
_947870 _aВивалди, Антонио _eпърви автор |
|
| 139 |
_aВивалди, Антонио _bВ 55 |
||
| 245 |
_aКонцерт ля минор _bДля гобоя и струнного оркестра : Переложение для гобоя и фортепиано _cАнтонио Вивальди |
||
| 257 | _aSUN | ||
| 260 |
_9402764 _aМосква _bМузыка _c1967 |
||
| 300 |
_a19 с. _c29 см _e8 с. щим |
||
| 380 | _a7 | ||
| 650 | 7 |
_9164432 _aОбой - концерти |
|
| 650 | 0 |
_aПиано - концерти _9283545 |
|
| 650 | 0 |
_aОркестри, струнни инструменти _9353168 |
|
| 653 | 7 |
_9192541 _aобой |
|
| 653 | 7 |
_9193730 _aпиано |
|
| 653 | 7 |
_9189133 _aконцерти |
|
| 653 | 7 |
_9197647 _aструнни оркестри |
|
| 852 |
_aЦб М II 4634 _bИП |
||
| 942 |
_2udc _cNOT _n0 _s1 |
||
| 944 |
_c2020-04-03 _k30560 _lГеновева Генчева |
||